[Event " "]
[Site "Avignon"]
[Date "11.??.??"]
[Round "7.3"]
[White "Salus, Stephane"]
[Black "Renet, Olivier"]
[Result "0-1"]
[WhiteElo "2212"]
[BlackElo "2517"]
[PlyCount "78"]
[EventDate "11.??.??"]
[WhiteTeam "Avignon"]
[BlackTeam "Marseille Duchamps"]

1. d4 Nf6 2. c4 g6 3. Nc3 Bg7 4. e4 d6 5. Nf3 O-O 6. Be2 e5 7. dxe5 dxe5 8.
Qxd8 Rxd8 9. Nd5 Nxd5 10. cxd5 c6 11. Bc4 cxd5 12. Bxd5 Nc6 13. Bg5 Re8 14. Rc1
Be6 15. Bxe6 Rxe6 16. O-O f6 17. Be3 Rd8 18. Rfd1 Red6 19. Rd2 $11 Bf8 20. Kf1
Kf7 21. Ke2 Ke6 22. Rcd1 Rxd2+ 23. Rxd2 Rc8 24. Ne1 f5 25. exf5+ gxf5 26. f3
Bb4 27. Rd3 h5 28. Bd2 Bc5 29. Nc2 h4 30. Be3 Bxe3 31. Rxe3 Ne7 32. Ne1 Nd5 33.
Rb3 b6 34. Ra3 Rc7 35. Ra4 Nf4+ 36. Kf2 Rd7 37. g3 Rd2+ 38. Kf1 hxg3 39. hxg3
Nh3 0-1

[Event " "]
[Site "Avignon"]
[Date "11.??.??"]
[Round "7.4"]
[White "Boudre, Jean-Pierre"]
[Black "Pieroni, Guillaume"]
[Result "1/2-1/2"]
[WhiteElo "2324"]
[BlackElo "2191"]
[PlyCount "23"]
[EventDate "11.??.??"]
[WhiteTeam "Marseille Duchamps"]

1. e4 e6 2. d4 d5 3. Nd2 Nf6 4. e5 Nfd7 5. c3 c5 6. f4 Nc6 7. Ndf3 Qa5 8. a3
Be7 9. Bd2 Qb6 10. Ne2 Qxb2 11. Rb1 Qxa3 12. Ra1 1/2-1/2

[Event " "]
[Site "Avignon"]
[Date "11.??.??"]
[Round "7.5"]
[White "Valentin, Dominique"]
[Black "Poisson, Olivier"]
[Result "0-1"]
[WhiteElo "2019"]
[BlackElo "2161"]
[PlyCount "54"]
[EventDate "11.??.??"]
[WhiteTeam "Avignon"]
[BlackTeam "Marseille Duchamps"]

1. e4 d6 2. d4 Nf6 3. Nc3 g6 4. Nf3 Bg7 5. Be2 O-O 6. O-O Na6 7. h3 c5 8. Bxa6
bxa6 9. Be3 cxd4 10. Nxd4 Bb7 11. Qd3 Qc7 12. Rad1 Rac8 13. Bg5 Qc5 14. Be3 Qb4
15. Rb1 e5 16. a3 Qc4 17. Nde2 Nxe4 18. Qxc4 Rxc4 19. Rbd1 Nxc3 20. Nxc3 Rd8
21. Bxa7 d5 22. Rd2 d4 23. Ne2 Rd7 24. Bb6 Rd6 25. Ba5 Rd5 26. b3 Rc6 27. c4
Rxa5 0-1

[Event " "]
[Site "Avignon"]
[Date "11.??.??"]
[Round "7.6"]
[White "Hulin, Jerome"]
[Black "Gourion, Daniel"]
[Result "1/2-1/2"]
[WhiteElo "2082"]
[BlackElo "2029"]
[PlyCount "39"]
[EventDate "11.??.??"]
[WhiteTeam "Marseille Duchamps"]

1. d4 Nf6 2. c4 c5 3. d5 b5 4. cxb5 a6 5. f3 axb5 6. e4 Qa5+ 7. b4 Qxb4+ 8. Bd2
Qa4 9. Qc1 d6 10. Nc3 Qa3 11. Bxb5+ Bd7 12. Qd1 Qa5 13. a4 g6 14. e5 dxe5 15.
d6 exd6 16. Ne4 Qd8 17. Bg5 Qa5+ 18. Bd2 Qd8 19. Bg5 Qa5+ 20. Bd2 1/2-1/2

[Event " "]
[Site "Avignon"]
[Date "11.??.??"]
[Round "7.7"]
[White "Bomba, Melody"]
[Black "Fernandez, Laura"]
[Result "1/2-1/2"]
[WhiteElo "1790"]
[BlackElo "2044"]
[PlyCount "76"]
[EventDate "11.??.??"]
[WhiteTeam "Avignon"]
[BlackTeam "Marseille Duchamps"]

1. d4 Nf6 2. Nf3 d5 3. Bg5 e6 4. Nbd2 Be7 5. e3 O-O 6. Bd3 Nbd7 7. O-O c6 8. c3
Qc7 9. c4 Re8 10. Rc1 Bd6 11. c5 Bf8 12. b4 Ng4 13. h3 Ngf6 14. Bf4 Qd8 15. Ne5
Nxe5 16. dxe5 Nd7 17. e4 g6 18. Re1 b6 19. cxb6 Bxb4 20. Rxc6 $11 axb6 21. exd5
Bb7 22. Rc4 Nc5 23. Bb1 Qxd5 24. Be4 Nxe4 25. Rexe4 Bxd2 26. Bxd2 Rxa2 27. Rcd4
Qxe4 28. Rxe4 Bxe4 29. Bh6 Bd5 30. Qc1 Ra7 31. Qf4 f5 32. exf6 Kf7 33. Bg5 Rb7
34. h4 h5 35. Qb4 Rc8 36. Qd6 b5 37. Qb4 $11 Bc4 38. Kh2 Rd7 $11 1/2-1/2

[Event " "]
[Site "Avignon"]
[Date "11.??.??"]
[Round "7.8"]
[White "Vincensini, Emmanuel"]
[Black "Bochard, Matthias"]
[Result "1-0"]
[WhiteElo "1992"]
[BlackElo "1320"]
[PlyCount "53"]
[EventDate "11.??.??"]
[WhiteTeam "Marseille Duchamps"]

1. d4 d5 2. c4 Nf6 3. cxd5 Qxd5 4. Nc3 Qd8 5. Nf3 Bf5 6. e3 e6 7. Bc4 c6 8. O-O
Nd5 9. Qe2 Bb4 10. Bd2 Qa5 11. e4 Nxc3 12. bxc3 Bxe4 13. cxb4 Bxf3 14. bxa5
Bxe2 15. Bxe2 Nd7 16. Bb4 b6 17. axb6 axb6 18. Rfc1 c5 19. dxc5 bxc5 20. Bxc5
Nxc5 21. Rxc5 O-O 22. a4 Rfb8 23. h3 h6 24. a5 Rb2 25. Bf3 Re8 26. a6 Re7 27.
a7 1-0

[Event " "]
[Site "Besancon"]
[Date "11.??.??"]
[Round "7.1"]
[White "Chernuschevich, Alexei"]
[Black "Lerch, Patrice"]
[Result "1-0"]
[WhiteElo "2515"]
[BlackElo "2290"]
[PlyCount "125"]
[EventDate "11.??.??"]
[WhiteTeam "Besançon T.P.G."]
[BlackTeam "Mulhouse II"]

1. d4 Nf6 2. c4 e6 3. Nc3 Bb4 4. e3 b6 5. Nge2 c5 6. a3 Ba5 7. Rb1 Na6 8. Ng3
Bb7 9. Bd2 O-O 10. b4 cxb4 11. Na2 b3 12. Nb4 d5 13. cxd5 Nc7 14. Bd3 Ncxd5 15.
Qxb3 e5 16. dxe5 Nd7 17. O-O Nc5 18. Qc2 Nxd3 19. Qxd3 Nf4 20. Qxd8 Rfxd8 21.
exf4 Rxd2 22. Rfd1 Rad8 23. Rxd2 Rxd2 24. Nf1 Ra2 25. Ne3 h6 26. Kf1 Rd2 27.
Nc4 Rd4 28. Nd6 Ba8 29. Rc1 Bxb4 30. axb4 Bd5 31. b5 Rxf4 32. Ra1 f6 33. Rxa7
fxe5 34. Ra6 Rb4 35. f3 e4 36. fxe4 Bxe4 37. Nxe4 Rxe4 38. Rxb6 Rb4 39. Rb8+
Kh7 40. b6 Rb1+ 41. Kf2 Rb2+ 42. Kf3 Rb3+ 43. Ke4 Rb2 44. Kd5 Rxg2 45. Rc8 Rd2+
46. Kc6 Rc2+ 47. Kd7 Rd2+ 48. Kc7 Rc2+ 49. Kb8 Rxh2 50. b7 Rb2 51. Kc7 h5 52.
b8=Q Rxb8 53. Rxb8 Kg6 54. Rb5 h4 55. Kd6 Kf6 56. Re5 h3 57. Kd5 h2 58. Rh5 g6
59. Rxh2 Kf5 60. Rf2+ Kg4 61. Ke4 Kg3 62. Rf3+ Kg2 63. Rf6 1-0

[Event " "]
[Site "Besancon"]
[Date "11.??.??"]
[Round "7.2"]
[White "Riff, Vincent"]
[Black "Crut, Aurelien"]
[Result "1/2-1/2"]
[WhiteElo "2329"]
[BlackElo "2369"]
[PlyCount "29"]
[EventDate "11.??.??"]
[WhiteTeam "Mulhouse II"]

1. e4 e6 2. d4 d5 3. Nd2 c5 4. exd5 exd5 5. Ngf3 Nf6 6. Bb5+ Bd7 7. Qe2+ Be7 8.
dxc5 O-O 9. Bxd7 Nbxd7 10. Nb3 Nxc5 11. O-O Nce4 12. Nfd4 Qd7 13. Qf3 Rfe8 14.
Bf4 Rac8 15. Rfd1 1/2-1/2

[Event " "]
[Site "Besancon"]
[Date "11.??.??"]
[Round "7.3"]
[White "Sermier, Guillaume"]
[Black "Fargere, Francois"]
[Result "0-1"]
[WhiteElo "2366"]
[BlackElo "2330"]
[PlyCount "54"]
[EventDate "11.??.??"]
[WhiteTeam "Besançon T.P.G."]
[BlackTeam "Mulhouse II"]

1. e4 c5 2. Nf3 d6 3. d4 Nf6 4. Nc3 cxd4 5. Nxd4 a6 6. Bg5 e6 7. f4 Qb6 8. Nb3
Nbd7 9. Qe2 Qc7 10. O-O-O Be7 11. g3 b5 12. Bg2 Rb8 13. a3 h6 14. Bh4 Bb7 15.
Rhe1 Nb6 16. Nd4 O-O 17. Rd3 Nc4 18. e5 dxe5 19. fxe5 Nxe5 20. Qxe5 Qxe5 21.
Rxe5 Bxg2 22. Nf5 exf5 23. Rxe7 g5 24. Rd6 Kg7 25. Re5 gxh4 26. Rxf5 hxg3 27.
hxg3 Ne4 0-1

[Event " "]
[Site "Besancon"]
[Date "11.??.??"]
[Round "7.4"]
[White "Deschler, Fabrice"]
[Black "Vesin, Jean-Robert"]
[Result "1-0"]
[WhiteElo "2168"]
[BlackElo "2315"]
[PlyCount "149"]
[EventDate "11.??.??"]
[WhiteTeam "Mulhouse II"]

1. d4 c5 2. d5 g6 3. e4 Bg7 4. f4 d6 5. c4 Nf6 6. Nc3 O-O 7. Be2 e6 8. Nf3 exd5
9. exd5 Re8 10. O-O Bf5 11. Bd3 Qd7 12. h3 Na6 13. Bxf5 Qxf5 14. g4 Qd7 15. Bd2
Nb4 16. a3 Na6 17. Qc2 Nc7 18. Rae1 b5 19. b3 a5 20. a4 bxc4 21. bxc4 Na6 22.
Nb5 Nb4 23. Qb1 Rxe1 24. Rxe1 h5 25. f5 hxg4 26. hxg4 Nxg4 27. fxg6 Ne5 28.
gxf7+ Qxf7 29. Nxe5 Bxe5 30. Re2 Kh8 31. Qe4 Rg8+ 32. Rg2 Rxg2+ 33. Qxg2 Qf5
34. Qh1+ Kg8 35. Qg2+ Kf7 36. Qf2 Kg6 37. Qg2+ Kf6 38. Qf2 Qxf2+ 39. Kxf2 Nd3+
40. Kf3 Nb2 41. Bxa5 Nxa4 42. Ke4 Nb2 43. Nxd6 Bd4 44. Bd8+ Kg6 45. Bh4 Bg7 46.
Be1 Bd4 47. Bd2 Kf6 48. Bc1 Na4 49. Nb5 Ba1 50. Bf4 Nb6 51. Kd3 Kf5 52. Bg3 Nd7
53. Nd6+ Kg4 54. Bh2 Bd4 55. Ne4 Kf5 56. Bc7 Bg1 57. Nd6+ Kf4 58. Kc2 Ke3 59.
Kc3 Bf2 60. Kb3 Kd3 61. Ka4 Nf6 62. Kb5 Kd4 63. Bb6 Nd7 64. Ba7 Bg1 65. Nb7 Ke5
66. Nxc5 Nf6 67. Nd7+ Nxd7 68. Bxg1 Kd6 69. Bh2+ Ke7 70. Kc6 Kd8 71. c5 Kc8 72.
Bg3 Nf6 73. Be5 Nd7 74. Bg7 Nb8+ 75. Kb5 1-0

[Event " "]
[Site "Besancon"]
[Date "11.??.??"]
[Round "7.5"]
[White "Claverie, Christophe"]
[Black "Fischer, Marc"]
[Result "1-0"]
[WhiteElo "2328"]
[BlackElo "2180"]
[PlyCount "57"]
[EventDate "11.??.??"]
[WhiteTeam "Besançon T.P.G."]
[BlackTeam "Mulhouse II"]

1. d4 e6 2. c4 Nf6 3. Nf3 b6 4. g3 Bb7 5. Bg2 Be7 6. O-O O-O 7. Nc3 d6 8. d5 e5
9. e4 Nfd7 10. Ne1 a5 11. f4 Nc5 12. Nf3 Bf6 13. f5 g5 14. h4 gxh4 15. g4 Bg7
16. g5 f6 17. g6 hxg6 18. fxg6 f5 19. Bg5 Bf6 20. Nxh4 Bxg5 21. Qh5 Qe7 22.
Rxf5 Be3+ 23. Kh1 Nbd7 24. Raf1 Bf4 25. g7 Rf6 26. Qh8+ Kf7 27. Bf3 Rxf5 28.
Nxf5 Qd8 29. Bh5+ 1-0

[Event " "]
[Site "Besancon"]
[Date "11.??.??"]
[Round "7.6"]
[White "Hell, Pascal"]
[Black "Frederic, Clement"]
[Result "0-1"]
[WhiteElo "2227"]
[BlackElo "2242"]
[PlyCount "140"]
[EventDate "11.??.??"]
[WhiteTeam "Mulhouse II"]

1. Nf3 f5 2. g3 Nf6 3. Bg2 d6 4. d4 g6 5. O-O Bg7 6. c4 O-O 7. b4 e5 8. dxe5
dxe5 9. Qb3 c5 10. Rd1 Qc7 11. Nc3 Nc6 12. Nb5 Qe7 13. bxc5 Ne4 14. Ba3 g5 15.
Nd6 g4 16. Nxc8 Raxc8 17. Ne1 Rf7 18. e3 Ng5 19. Bd5 Ne6 20. Ng2 Kh8 21. Rab1
Rc7 22. Qc2 Rf6 23. Nh4 e4 24. Bb2 Rf8 25. Bxe6 Qxe6 26. Rd6 Qe7 27. Bxg7+ Qxg7
28. Rbd1 Ne5 29. R6d5 Nd3 30. R1xd3 exd3 31. Qxd3 Rxc5 32. Rd7 Qa1+ 33. Kg2 Qf6
34. Rd6 Qe5 35. Rd8 Qe7 36. Qd4+ Kg8 37. Rxf8+ Qxf8 38. Qd7 Qc8 39. Qe7 Rxc4
40. Qg5+ Kf7 41. Qh5+ Kf6 42. Qh6+ Ke5 43. Qg7+ Kd6 44. Qf6+ Kc5 45. Qe5+ Kb6
46. Qb2+ Ka5 47. h3 Qc6+ 48. Kh2 gxh3 49. Qd2+ Ka6 50. Qd3 b5 51. f3 Rc2+ 52.
Kxh3 Rxa2 53. Nxf5 Qxf3 54. Qd6+ Ka5 55. Qc7+ Kb4 56. Qd6+ Kc3 57. Qc5+ Kd2 58.
Qb4+ Kc1 59. Qc3+ Kb1 60. Qe1+ Kb2 61. Qb4+ Kc1 62. Qc3+ Rc2 63. Qa1+ Kd2 64.
Qa5+ Kd1 65. Qa1+ Rc1 66. Qd4+ Ke1 67. Qb4+ Kf1 68. Qxb5+ Kg1 69. Qd3 Qf1+ 70.
Qxf1+ Kxf1 0-1

[Event " "]
[Site "Besancon"]
[Date "11.??.??"]
[Round "7.7"]
[White "Naudier, Serge"]
[Black "Leburgue, Sylvain"]
[Result "0-1"]
[WhiteElo "2268"]
[BlackElo "2188"]
[PlyCount "58"]
[EventDate "11.??.??"]
[WhiteTeam "Besançon T.P.G."]
[BlackTeam "Mulhouse II"]

1. e4 c5 2. Nf3 Nc6 3. d4 cxd4 4. Nxd4 Nf6 5. Nc3 e5 6. Nf5 d5 7. exd5 Bxf5 8.
dxc6 bxc6 9. Qf3 Qd7 10. Bc4 e4 11. Qg3 Bg6 12. Bg5 Be7 13. O-O O-O 14. Rad1
Qf5 15. Bc1 Qc5 16. Bb3 Rad8 17. Rxd8 Rxd8 18. Rd1 Rxd1+ 19. Nxd1 Qd6 20. Nc3
Qxg3 21. hxg3 Ng4 22. Ba4 Bc5 23. Nd1 Nxf2 24. Be3 Nxd1 25. Bxc5 e3 26. Kf1 a5
27. Ba3 Bh5 28. Bxc6 e2+ 29. Ke1 $138 Ne3 0-1

[Event " "]
[Site "Besancon"]
[Date "11.??.??"]
[Round "7.8"]
[White "Richard, Emma"]
[Black "Hisleur, Gaelle"]
[Result "1-0"]
[WhiteElo "1999"]
[BlackElo "1939"]
[PlyCount "81"]
[EventDate "11.??.??"]
[WhiteTeam "Mulhouse II"]

1. e4 e6 2. d4 d5 3. Nd2 c5 4. exd5 Qxd5 5. Ngf3 cxd4 6. Bc4 Qd6 7. O-O Nf6 8.
Nb3 Nc6 9. Nbxd4 Nxd4 10. Nxd4 Qc7 11. Bd3 a6 12. Bg5 Be7 13. Re1 O-O 14. Re3
Qc5 15. Bxf6 Bxf6 16. Nb3 Qe7 17. Bxh7+ Kxh7 18. Qh5+ Kg8 19. Rh3 Bh4 20. Rxh4
f6 21. Rd1 e5 22. Rd3 Qe8 23. Qh7+ Kf7 24. Rg3 Rg8 25. Nc5 Qd8 26. Qg6+ Kf8 27.
h3 Qe7 28. Ne4 Qf7 29. Qh7 Be6 30. Rf3 Ke7 31. Ng5 Qe8 32. Nxe6 Kxe6 33. Rg4
Qe7 34. Rfg3 g5 35. Qxe7+ Kxe7 36. h4 Ke6 37. hxg5 f5 38. Rh4 f4 39. Rh6+ Kf5
40. Rf6+ Ke4 41. Rd3 1-0

[Event " "]
[Site "Epinal"]
[Date "11.??.??"]
[Round "7.1"]
[White "Sikula, Vaszilij"]
[Black "Lazarev, Vladimir"]
[Result "1/2-1/2"]
[WhiteElo "2515"]
[BlackElo "2517"]
[PlyCount "30"]
[EventDate "11.??.??"]
[WhiteTeam "Epinal"]
[BlackTeam "Lyon Olympique Echecs"]

1. e4 c5 2. Nf3 Nc6 3. d4 cxd4 4. Nxd4 Qc7 5. Nc3 e6 6. Be2 a6 7. O-O Nf6 8.
Be3 d6 9. f4 Be7 10. a4 O-O 11. Kh1 Re8 12. Bf3 Rb8 13. Qd2 Bd7 14. Qf2 Bf8 15.
Rad1 Nxd4 $11 1/2-1/2

[Event " "]
[Site "Epinal"]
[Date "11.??.??"]
[Round "7.2"]
[White "Benitah, Yohan"]
[Black "Okhotnik, Vladimir"]
[Result "1/2-1/2"]
[WhiteElo "2423"]
[BlackElo "2486"]
[PlyCount "106"]
[EventDate "11.??.??"]
[WhiteTeam "Lyon Olympique Echecs"]

1. d4 f5 2. c4 Nf6 3. Nc3 e6 4. e3 b6 5. Bd3 Bb7 6. f3 Bd6 7. Nge2 Nc6 8. a3
Nh5 9. g3 O-O 10. Qc2 Nf6 11. Bd2 Ne7 12. Rf1 c5 13. O-O-O Rc8 14. h3 a6 15. g4
Kh8 16. Kb1 b5 17. dxc5 bxc4 18. cxd6 cxd3 19. Qxd3 Ng6 20. Qd4 Rc6 21. gxf5
exf5 22. e4 Qc8 23. exf5 Rc4 24. Qf2 Ne5 25. Qg3 Nf7 26. Be3 Nh5 27. Qf2 Nd8
28. f4 Rxf5 29. Qg1 Nf7 30. Bd4 Kg8 31. Ng3 Nxg3 32. Qxg3 g6 33. Rfe1 Nxd6 34.
Re7 Rf7 35. Rxf7 Nxf7 36. f5 g5 37. h4 d6 38. hxg5 Qxf5+ 39. Ka1 Bf3 40. Rd2
Qg4 41. Qxg4 Bxg4 42. b3 Rc8 43. Nd5 Kf8 44. Rf2 Rc1+ 45. Kb2 Rd1 46. Rf4 Bh5
47. Nc7 a5 48. Bf6 Bg6 49. Ne6+ Ke8 50. Rc4 Ne5 51. Rc7 Nd3+ 52. Ka2 $11 Rd2+
53. Ka1 Rd1+ 1/2-1/2

[Event " "]
[Site "Epinal"]
[Date "11.??.??"]
[Round "7.3"]
[White "Bastian, Herbert"]
[Black "Vernay, Clovis"]
[Result "0-1"]
[WhiteElo "2411"]
[BlackElo "2341"]
[PlyCount "100"]
[EventDate "11.??.??"]
[WhiteTeam "Epinal"]
[BlackTeam "Lyon Olympique Echecs"]

1. e4 e6 2. d4 d5 3. e5 c5 4. c3 Nc6 5. Nf3 Qb6 6. a3 Bd7 7. b4 cxd4 8. cxd4
Rc8 9. Be3 Nce7 10. Bd3 Bb5 11. O-O Nf5 12. Ra2 Nge7 13. g4 Nxe3 14. fxe3 Ng6
15. h4 Be7 16. Rh2 Bxd3 17. Qxd3 h5 18. Ng5 Bxg5 19. hxg5 h4 20. Nc3 O-O 21.
Nb5 Rc6 22. Nd6 Rxd6 23. exd6 Qxd6 24. Rhf2 Qe7 25. e4 Qxg5 26. Qf3 dxe4 27.
Qxe4 Ne7 28. Re2 Nc6 29. Kh2 a5 30. bxa5 Qxa5 31. Rf3 Qd8 32. Rd2 Qd6+ 33. Kh3
Rd8 34. g5 Ne5 35. Rf4 Ng6 36. Rf3 Qe7 37. Rg2 Rd5 38. Qe3 Qd7 39. Rgf2 e5+ 40.
Kh2 exd4 41. Qe4 Re5 42. Qd3 Re7 43. Rf5 Re3 44. Qf1 Qd6+ 45. Kh1 Ne5 46. g6
Qxg6 47. Rg2 Qe6 48. Qf4 h3 49. Rf2 Qc6+ 50. Kh2 Re1 0-1

[Event " "]
[Site "Epinal"]
[Date "11.??.??"]
[Round "7.4"]
[White "Renaze, Luc"]
[Black "Adrian, Claude"]
[Result "1/2-1/2"]
[WhiteElo "2346"]
[BlackElo "2297"]
[PlyCount "36"]
[EventDate "11.??.??"]
[WhiteTeam "Lyon Olympique Echecs"]

1. d4 Nf6 2. c4 c5 3. d5 b5 4. cxb5 a6 5. e3 e6 6. Nc3 exd5 7. Nxd5 Bb7 8.
Nxf6+ Qxf6 9. Nf3 Be7 10. bxa6 Nxa6 11. Be2 Nb4 12. O-O Rxa2 13. Rxa2 Nxa2 14.
Qb3 Nb4 15. Bd2 O-O 16. Bxb4 cxb4 17. Nd4 Rc8 18. Bf3 Bxf3 $11 1/2-1/2

[Event " "]
[Site "Epinal"]
[Date "11.??.??"]
[Round "7.5"]
[White "Spielmann, Alain"]
[Black "Safranska, Anda"]
[Result "1-0"]
[WhiteElo "2228"]
[BlackElo "2303"]
[PlyCount "77"]
[EventDate "11.??.??"]
[WhiteTeam "Epinal"]
[BlackTeam "Lyon Olympique Echecs"]

1. Nf3 g6 2. c4 Bg7 3. e4 d6 4. d4 Nf6 5. Nc3 O-O 6. Be2 e5 7. O-O Na6 8. Be3
h6 9. dxe5 Ng4 10. Bd2 Nxe5 11. Nd4 Nc5 12. Be3 Qh4 13. f3 c6 14. Qd2 Kh7 15.
Rae1 f5 16. exf5 gxf5 17. b4 Ne6 18. f4 Ng4 19. Bxg4 Qxg4 20. Rf3 Qh4 21. Nce2
a5 22. Ng3 Nc7 23. Bf2 Qd8 24. Qd3 Bxd4 25. Qxd4 axb4 26. Nh5 Rf7 27. Rg3 Qf8
28. Rge3 Rxa2 29. Bh4 c5 30. Qd3 Ra3 31. Qd1 Rxe3 32. Rxe3 Ne6 33. Qe1 Nc7 34.
Be7 Qh8 35. Bxd6 Qd4 36. Be5 Qxc4 37. Bxc7 Rxc7 38. Nf6+ Kg6 39. Rg3+ 1-0

[Event " "]
[Site "Epinal"]
[Date "11.??.??"]
[Round "7.6"]
[White "Debray, Tristan"]
[Black "Grenouilloux, Alain"]
[Result "0-1"]
[WhiteElo "2151"]
[BlackElo "2090"]
[PlyCount "120"]
[EventDate "11.??.??"]
[WhiteTeam "Lyon Olympique Echecs"]

1. e4 g6 2. d4 Bg7 3. Nc3 d6 4. Be3 Nf6 5. Nf3 c6 6. Qd2 Qa5 7. h3 Nbd7 8. Bd3
e5 9. O-O O-O 10. a4 Re8 11. Rfe1 Nf8 12. Rab1 Qc7 13. b4 Ne6 14. d5 cxd5 15.
exd5 Nf8 16. Bg5 Bd7 17. b5 Rac8 18. Rb3 Kh8 19. b6 axb6 20. Be3 Qb8 21. Bxb6
Rxc3 22. Qxc3 Nxd5 23. Qa5 Nxb6 24. Rxb6 Qc7 25. Qb4 Bc6 26. Ng5 h6 27. Ne4 Nd7
28. Rxc6 bxc6 29. Nxd6 Rf8 30. Qa3 c5 31. Nc4 f5 32. Ne3 Rb8 33. Bb5 Nf6 34.
Rd1 Bf8 35. Qb3 Bg7 36. c4 Rd8 37. Nd5 Nxd5 38. cxd5 e4 39. Qc4 Qb6 40. Qc2 Be5
41. Bc6 Rb8 42. Qd2 Kg7 43. Bb5 Qd6 44. Qa2 $11 Bd4 45. Rb1 Qf4 46. Qe2 h5 47.
Rd1 h4 48. Rf1 Be5 49. g3 hxg3 50. f3 Qh4 51. Kg2 Rh8 52. Rh1 Qf4 53. fxe4 fxe4
54. Rf1 Qh4 55. Bd7 Qg5 56. Be6 Qh6 57. Bd7 Qg5 58. Qc2 Qe3 59. Bb5 Rxh3 60.
Kxh3 Qh6+ 0-1

[Event " "]
[Site "Epinal"]
[Date "11.??.??"]
[Round "7.7"]
[White "Cordier, Arnaud"]
[Black "Ravot, Sylvain"]
[Result "0-1"]
[WhiteElo "2151"]
[BlackElo "2218"]
[PlyCount "54"]
[EventDate "11.??.??"]
[WhiteTeam "Epinal"]
[BlackTeam "Lyon Olympique Echecs"]

1. e4 c5 2. Nf3 e6 3. d4 cxd4 4. Nxd4 a6 5. Nc3 b5 6. Be2 Bb7 7. Bf3 Qc7 8. O-O
d6 9. Re1 Nd7 10. g3 Be7 11. a3 Ngf6 12. Bg2 O-O 13. g4 Nb6 14. g5 Nfd7 15. h4
Rfd8 16. Re3 Ne5 17. f4 Ng6 18. Rh3 e5 19. h5 Nxf4 20. Bxf4 exf4 21. h6 g6 22.
Nb3 Bxg5 23. Qd4 f6 24. Na5 Bc8 25. Nd5 Nxd5 26. Qxd5+ Kf8 27. Rc3 Qxa5 0-1

[Event " "]
[Site "Epinal"]
[Date "11.??.??"]
[Round "7.8"]
[White "Soubrier, Aude"]
[Black "Baujard, Anne"]
[Result "0-1"]
[WhiteElo "1962"]
[BlackElo "1932"]
[PlyCount "64"]
[EventDate "11.??.??"]
[WhiteTeam "Lyon Olympique Echecs"]

1. e4 c5 2. Nc3 Nc6 3. Bb5 Nd4 4. Bc4 e6 5. Nf3 Nf6 6. d3 a6 7. a3 b5 8. Ba2
Bb7 9. O-O Qc7 10. h3 Rc8 11. Be3 Nxf3+ 12. Qxf3 b4 13. Ne2 d5 14. exd5 Nxd5
15. Qh5 g6 16. Qh4 Nxe3 17. fxe3 Bg7 18. axb4 O-O 19. Bc4 cxb4 20. Nd4 Qe5 21.
Rae1 a5 22. b3 Qd6 23. Nf3 Ba6 24. Ng5 h6 25. Ne4 Qc6 26. Nf6+ Bxf6 27. Rxf6
Bxc4 28. dxc4 h5 29. g4 Qc5 30. Kf2 Qe5 31. Rg1 Kg7 32. gxh5 Qxf6+ 0-1

[Event " "]
[Site "Reims"]
[Date "11.??.??"]
[Round "7.1"]
[White "Forthofer, Robert"]
[Black "Glicenstein, Asher"]
[Result "0-1"]
[WhiteElo "2235"]
[BlackElo "2271"]
[PlyCount "44"]
[EventDate "11.??.??"]
[WhiteTeam "Reims Echecs Mat"]
[BlackTeam "Paris Chess Club II"]

1. e4 c5 2. Nf3 Nc6 3. d4 cxd4 4. Nxd4 e5 5. Nb5 d6 6. N1c3 a6 7. Na3 Be6 8.
Nc4 Rb8 9. Ne3 Nf6 10. g4 g6 11. g5 Nd7 12. a4 Be7 13. Rg1 Bxg5 14. Nf5 Bxc1
15. Nxd6+ Ke7 16. Rxc1 Nb6 17. Nd5+ Nxd5 18. exd5 Qa5+ 19. c3 Qxd5 20. Qxd5
Bxd5 21. Nc4 f5 22. Ne3 Bb3 0-1

[Event " "]
[Site "Reims"]
[Date "11.??.??"]
[Round "7.2"]
[White "Karim, Ismael"]
[Black "Camus, Berenger"]
[Result "1-0"]
[WhiteElo "2324"]
[BlackElo "2171"]
[PlyCount "131"]
[EventDate "11.??.??"]
[WhiteTeam "Paris Chess Club II"]

1. e4 c5 2. Nf3 Nc6 3. d4 cxd4 4. Nxd4 e5 5. Nb5 a6 6. Nd6+ Bxd6 7. Qxd6 Qf6 8.
Qxf6 Nxf6 9. Nc3 d5 10. exd5 Nb4 11. Bd3 Nfxd5 12. Nxd5 Nxd5 13. Be4 Be6 14.
O-O O-O-O 15. b3 Nc3 16. Bf3 e4 17. Bh5 Rd5 18. Bb2 Rc5 19. b4 Rc4 20. Rfe1 Kb8
21. a3 Rhc8 22. h4 g6 $11 23. Be2 Rd4 24. Bc1 Nxe2+ 25. Rxe2 Rd1+ 26. Kh2 Ka8
27. Bb2 Rxa1 28. Bxa1 b5 29. Bd4 Bf5 30. Bc5 Rd8 31. Kg3 h5 32. Kf4 Rd5 33. Ke3
Kb7 $11 34. Re1 Kc6 35. Rc1 Rd7 36. Ra1 Kd5 37. a4 Kc4 38. axb5 axb5 39. Ra6
Rb7 40. Bd6 Kd5 41. Kd2 Rd7 42. Bc5 Kc4+ 43. Kc1 Be6 44. Ra3 Rb7 45. Kb2 Kd5
46. Kc3 Ke5 47. Ra6 Bc4 48. Bd6+ Kf5 49. Kd4 Kg4 50. Kc5 f5 51. Be5 g5 52. Rg6
Kxh4 53. Bf6 Kg4 54. Rxg5+ Kf4 55. Rxh5 Be2 56. g3+ Kg4 57. Rg5+ Kh3 58. Rxf5
Rc7+ 59. Kd4 Rc4+ 60. Ke3 Bg4 61. Rf4 Bf3 62. c3 Rc6 63. Bd4 Ra6 64. Rf5 Ra2
65. Kf4 e3 66. Bxe3 1-0

[Event " "]
[Site "Reims"]
[Date "11.??.??"]
[Round "7.3"]
[White "Vilpoux, Jeremie"]
[Black "Moussard, Jules"]
[Result "0-1"]
[WhiteElo "2141"]
[BlackElo "2190"]
[PlyCount "58"]
[EventDate "11.??.??"]
[WhiteTeam "Reims Echecs Mat"]
[BlackTeam "Paris Chess Club II"]

1. d4 Nf6 2. Bg5 e6 3. e4 Be7 4. Bd3 c5 5. Bxf6 Bxf6 6. e5 Be7 7. c3 Qb6 8. Ne2
Nc6 9. Nd2 cxd4 10. Nc4 Qc7 11. cxd4 Bb4+ 12. Kf1 d5 13. Ne3 Bd7 14. Rc1 Qb6
15. Nc2 Be7 16. g3 f6 17. Nf4 O-O-O 18. Kg2 Kb8 19. Re1 fxe5 20. dxe5 Rhf8 21.
Bxh7 g5 22. Nd3 Be8 23. Qg4 Rh8 24. Qh3 Bg6 25. Bxg6 Rxh3 26. Kxh3 g4+ 27. Kxg4
Rg8 28. Nf4 Qxf2 29. h4 Rxg6+ 0-1

[Event " "]
[Site "Reims"]
[Date "11.??.??"]
[Round "7.4"]
[White "Cohen, Aurelien"]
[Black "Oudot, Jean-Baptiste"]
[Result "1-0"]
[WhiteElo "2217"]
[BlackElo "2114"]
[PlyCount "62"]
[EventDate "11.??.??"]
[WhiteTeam "Paris Chess Club II"]

1. e4 c5 2. Nf3 Nc6 3. d4 cxd4 4. Nxd4 Nf6 5. Nc3 e5 6. Ndb5 d6 7. Bg5 a6 8.
Na3 b5 9. Nd5 Be7 10. Bxf6 Bxf6 11. c3 Ne7 12. Nc2 Bb7 13. Nce3 Bg5 14. Nxe7
Bxe3 15. Nf5 Bc5 16. Nxg7+ Kf8 17. Nf5 Bxe4 18. Qg4 Bxf5 19. Qxf5 b4 20. Bc4
Ra7 21. O-O bxc3 22. bxc3 Rg8 23. Qxh7 Qa8 24. Qh3 d5 25. Qh6+ Ke8 26. Qh7 Kf8
27. Qh6+ Ke8 28. Bb3 d4 29. Ba4+ Kd8 30. Bc6 Qc8 31. cxd4 Bxd4 1-0

[Event " "]
[Site "Reims"]
[Date "11.??.??"]
[Round "7.5"]
[White "Laval, Brice"]
[Black "Lecuyer, Christian"]
[Result "0-1"]
[WhiteElo "2186"]
[BlackElo "2228"]
[PlyCount "94"]
[EventDate "11.??.??"]
[WhiteTeam "Reims Echecs Mat"]
[BlackTeam "Paris Chess Club II"]

1. e4 c5 2. Nf3 e6 3. Nc3 a6 4. d4 cxd4 5. Nxd4 b5 6. Be3 Bb7 7. f3 Bb4 8. Qd2
Nf6 9. a3 Be7 10. Bd3 Qc7 11. O-O Nc6 12. Nxc6 Bxc6 13. Qf2 O-O 14. Qg3 Qxg3
15. hxg3 d5 16. exd5 Nxd5 17. Nxd5 Bxd5 18. Bd4 Rfd8 19. Rfd1 Bxf3 20. gxf3
Rxd4 21. Kf1 Rad8 22. Ke2 f5 23. c3 R4d5 24. a4 Re5+ 25. Kf2 Bc5+ 26. Kg2 Red5
27. Bc2 Rd2+ 28. Kh3 b4 29. Bb3 Rxd1 30. Rxd1 Rxd1 31. Bxd1 a5 32. cxb4 Bxb4
33. Bb3 Kf7 34. Bc4 Kf6 35. f4 Bd2 36. Kg2 h6 37. Kf3 g5 38. Bb5 g4+ 39. Ke2
Bb4 40. Be8 Bc5 41. Kf1 e5 42. Kg2 Be3 43. fxe5+ Kxe5 44. Bd7 Kf6 45. Bc8 Kg5
46. Bd7 h5 47. Bc8 f4 0-1

[Event " "]
[Site "Reims"]
[Date "11.??.??"]
[Round "7.6"]
[White "Rigolot, Matthieu"]
[Black "Desanlis, Anne-Sophie"]
[Result "1-0"]
[WhiteElo "2189"]
[BlackElo "1920"]
[PlyCount "61"]
[EventDate "11.??.??"]
[WhiteTeam "Paris Chess Club II"]

1. d4 d5 2. c4 e6 3. Nf3 Nf6 4. g3 Be7 5. Bg2 O-O 6. O-O dxc4 7. Ne5 Nbd7 8.
Nxc4 Rb8 9. Nc3 Nb6 10. Nxb6 axb6 11. e4 Bd7 12. Bf4 Ra8 13. d5 exd5 14. e5 Ne4
15. Nxd5 Bf5 16. e6 Nd6 17. Nxe7+ Qxe7 18. Bxd6 cxd6 19. exf7+ Kh8 20. Qb3 Qxf7
21. Qxb6 Bd3 22. Rfd1 Ra6 23. Qe3 Bc4 24. b3 Be6 25. Bxb7 Ra5 26. Bg2 Re5 27.
Qb6 Re2 28. Rxd6 h6 29. f4 Qf6 30. Qd4 Qf5 31. Bf3 1-0